| 000 | 01006cam a2200241 4500 | ||
|---|---|---|---|
| 001 | ABS64275 | ||
| 008 | 010725n2001 000 0 eng u | ||
| 035 | _a(Sirsi) u113749 | ||
| 100 | _aAtkinson, J. | ||
| 245 | 2 | _aA glimpse of trading to come | |
| 260 | _c2001 | ||
| 490 |
_aContract Journal _v409(6334) 4 July 2001, 14-15(2) |
||
| 520 | _aPresents the findings of a survey at a recent e-commerce in construction conference 'Making Thunder'. The main message from the delegates - senior executives from housebuilding and construction firms, builders merchants sectors and local government authorities - is that most of the industry believes in the benefits of e-commerce but are not in a rush to take on board the new technology. | ||
| 590 | _aABS | ||
| 650 | _aE-COMMERCE | ||
| 650 | _aCOMPANIES | ||
| 650 | _aHOUSE BUILDING INDUSTRY | ||
| 650 | _aCONSTRUCTION INDUSTRY | ||
| 650 | _aLOCAL GOVERNMENT | ||
| 650 | _aCONFERENCES | ||
| 690 | _aINFORMATION TECHNOLOGY-INTERNET | ||
| 942 | _n0 | ||
| 999 |
_c67773 _d67773 |
||